<?xml version="1.0" encoding="UTF-8"?>
<record
    xmlns:xsi="http://www.w3.org/2001/XMLSchema-instance"
    xsi:schemaLocation="http://www.loc.gov/MARC21/slim http://www.loc.gov/standards/marcxml/schema/MARC21slim.xsd"
    xmlns="http://www.loc.gov/MARC21/slim">

  <leader>01696nam a22002057a 4500</leader>
  <controlfield tag="003">OSt</controlfield>
  <controlfield tag="005">20260204144148.0</controlfield>
  <controlfield tag="008">231004s2017    ag ||||| |||| 00| f spa d</controlfield>
  <datafield tag="020" ind1=" " ind2=" ">
    <subfield code="a">978-987-377-7060-6</subfield>
  </datafield>
  <datafield tag="040" ind1=" " ind2=" ">
    <subfield code="b">spa</subfield>
    <subfield code="c">AR-RoUNCS</subfield>
  </datafield>
  <datafield tag="080" ind1=" " ind2=" ">
    <subfield code="0">82-31(82)</subfield>
  </datafield>
  <datafield tag="100" ind1="1" ind2=" ">
    <subfield code="a">Arlt, Roberto</subfield>
    <subfield code="d">(1900-1942), </subfield>
    <subfield code="e">autor</subfield>
  </datafield>
  <datafield tag="245" ind1="1" ind2="3">
    <subfield code="a">El juguete rabioso /</subfield>
    <subfield code="c">Roberto Arlt ; pr&#xF3;logo Virginia Montero.</subfield>
  </datafield>
  <datafield tag="250" ind1=" " ind2=" ">
    <subfield code="a">1a ed.</subfield>
  </datafield>
  <datafield tag="260" ind1=" " ind2=" ">
    <subfield code="a">Buenos Aires :</subfield>
    <subfield code="b">Hern&#xE1;ndez,</subfield>
    <subfield code="c">2017.</subfield>
  </datafield>
  <datafield tag="300" ind1=" " ind2=" ">
    <subfield code="a">252 p.</subfield>
  </datafield>
  <datafield tag="520" ind1=" " ind2=" ">
    <subfield code="a">El juguete rabioso (1926), la primera novela moderna de la literatura argentina, pone en escena -se&#xF1;ala Josefina Ludmer- el aprendizaje de una escritura. Esta edici&#xF3;n, a cargo de Virginia Montero, prueba esa hip&#xF3;tesis al confrontar los cap&#xED;tulos anticipo de la novela y sus dos primeras ediciones (las &#xFA;nicas que se publicaron durante la vida de su autor). El cotejo y las anotaciones del texto que surgen de all&#xED; no obedecen a la polic&#xED;a cr&#xED;tica, sino a la curiosidad que permite revisar algunos lugares comunes alrededor de la figura de Arlt, y tambi&#xE9;n de la literatura argentina. &#xBF;Tan mal escrib&#xED;a Arlt? &#xBF;Tan dif&#xED;cil fue su acceso a la publicaci&#xF3;n? &#xBF;Qu&#xE9; escuchaban sus textos cuando hace hablar a sus personajes entre los ruidos de la ciudad moderna? La autobiograf&#xED;a humor&#xED;stica publicada en la revista Don Goyo pocos meses despu&#xE9;s del debut de Arlt como novelista terminan de definir el trabajo y el deseo de un escritor que, como todo artista, confiaba a la potencia de su hacer la posibilidad de construirlo todo desde la nada: un lenguaje, una obra, un nombre y hasta una biograf&#xED;a. [Nota del editor]</subfield>
  </datafield>
  <datafield tag="650" ind1=" " ind2=" ">
    <subfield code="a">Literatura argentina</subfield>
    <subfield code="v">Novelas</subfield>
    <subfield code="x">Siglo XX</subfield>
  </datafield>
  <datafield tag="942" ind1=" " ind2=" ">
    <subfield code="2">udc</subfield>
    <subfield code="c">OG</subfield>
    <subfield code="n">0</subfield>
  </datafield>
  <datafield tag="999" ind1=" " ind2=" ">
    <subfield code="c">95</subfield>
    <subfield code="d">95</subfield>
  </datafield>
  <datafield tag="952" ind1=" " ind2=" ">
    <subfield code="0">0</subfield>
    <subfield code="1">0</subfield>
    <subfield code="2">udc</subfield>
    <subfield code="4">0</subfield>
    <subfield code="7">0</subfield>
    <subfield code="8">CG</subfield>
    <subfield code="a">ESOCIALES</subfield>
    <subfield code="b">ESOCIALES</subfield>
    <subfield code="d">2023-10-04</subfield>
    <subfield code="l">0</subfield>
    <subfield code="o">82-31(82) AR725</subfield>
    <subfield code="p">000105</subfield>
    <subfield code="r">2023-10-04 00:00:00</subfield>
    <subfield code="w">2023-10-04</subfield>
    <subfield code="y">OG</subfield>
  </datafield>
</record>
